Catàleg del Col·legi de Periodistes de Catalunya

NewPaper (Registre núm. 6047)

000 -CABECERA
Longitud fija campo de control 00535nam a22001817a 4500
003 - IDENTIFICADOR DEL NÚMERO DE CONTROL
Identificador del número de control OSt
005 - FECHA Y HORA DE LA ÚLTIMA TRANSACCIÓN
Fecha y hora de la última transacción 20241218115312.0
008 - CÓDIGOS DE INFORMACIÓN DE LONGITUD FIJA
Códigos de información de longitud fija 130402s2012 sp ||||| |||| 00| 0 spa d
020 ## - NÚMERO INTERNACIONAL NORMALIZADO PARA LIBROS
Número Internacional Normalizado para Libros (ISBN) 9788423412945
040 ## - FUENTE DE LA CATALOGACIÓN
Centro transcriptor CDMR
Lengua de catalogación cat
100 1# - PUNTO DE ACCESO PRINCIPAL-NOMBRE DE PERSONA
9 (RLIN) 2976
Nombre de persona Montagut, Albert
245 10 - MENCIÓN DE TÍTULO
Título NewPaper
Resto del título : cómo la revolución digital transforma la prensa
Mención de responsabilidad, etc. / Albert Montagut
260 ## - PUBLICACIÓN, DISTRIBUCIÓN, ETC. (PIE DE IMPRENTA)
Lugar de publicación, distribución, etc. Barcelona :
Nombre del editor, distribuidor, etc. Deusto,
Fecha de publicación, distribución, etc. 2012
300 ## - DESCRIPCIÓN FÍSICA
Extensión 430 p.
650 04 - PUNTO DE ACCESO ADICIONAL DE MATERIA - TÉRMINO DE MATERIA
9 (RLIN) 3188
Término de materia o nombre geográfico como elemento inicial Premsa digital
650 04 - PUNTO DE ACCESO ADICIONAL DE MATERIA - TÉRMINO DE MATERIA
9 (RLIN) 2272
Término de materia o nombre geográfico como elemento inicial Periodisme
Subdivisión de materia general Innovacions tecnològiques
942 ## - ENTRADA DE ELEMENTOS AGREGADOS (KOHA)
Fuente de clasificaión o esquema
Koha [por defecto] tipo de item Monografies
Fons
Suprimido Perdido Fuente de clasificación o esquema Estropeado No para préstamo Localización permanente Localización actual Fecha adquisición Fuente de adquisición Coste, precio normal de compra Signatura completa Código de barras Fecha última consulta Fecha del precio de reemplazo Tipo de item de Koha
    udc     Centre de Documentació Montserrat Roig Centre de Documentació Montserrat Roig 2013-04-02 Donació 20.00 Ca 4 CDMR13046150 2013-04-02 2013-04-02 Monografies
          Centre de Documentació Montserrat Roig Centre de Documentació Montserrat Roig 2024-12-18 Donació 20.00 Cs /31 CDMR22060004 2024-12-18 2024-12-18 Monografies

Implantat amb Koha